Oligogalacturonides and chitosan activate plant defensive genes through the octadecanoid pathway (Record no. 46110)

MARC details
000 -LEADER
fixed length control field 00564nam a2200145Ia 4500
100 ## - MAIN ENTRY--AUTHOR NAME
Personal name Doares Steven H
245 #0 - TITLE STATEMENT
Title Oligogalacturonides and chitosan activate plant defensive genes through the octadecanoid pathway
260 ## - PUBLICATION, DISTRIBUTION, ETC. (IMPRINT)
Name of publisher Paper presented at a Collouim entitled Self-defense by plants and signaling pathways ,15-17 September 1994, National Academy of Sciences, USA
Year of publication 1995
300 ## - PHYSICAL DESCRIPTION
Number of Pages 4095-4098
700 ## - ADDED ENTRY--PERSONAL NAME
Personal name 6aSyrovets Tatjana
700 ## - ADDED ENTRY--PERSONAL NAME
Personal name 6aWeiler Elmar W
700 ## - ADDED ENTRY--PERSONAL NAME
Personal name Ryan Clarence A
942 ## - ADDED ENTRY ELEMENTS (KOHA)
Koha item type Reprints
Holdings
Withdrawn status Lost status Damaged status Not for loan Home library Current library Date acquired Serial Enumeration / chronology Accession Number Koha item type
      Reprints RRII Library RRII Library 22/12/2021 Volume 92, Issue May P1397 Reprints